Internal combustion engines and air pollution (Record no. 4453)

000 -LEADER
fixed length control field 00551nam a22001937a 4500
001 - CONTROL NUMBER
control field 4453
003 - CONTROL NUMBER IDENTIFIER
control field BD-DhUET
008 - FIXED-LENGTH DATA ELEMENTS--GENERAL INFORMATION
fixed length control field 141116b xxu||||| |||| 00| 0 eng d
020 ## - INTERNATIONAL STANDARD BOOK NUMBER
International Standard Book Number 0352045600
040 ## - CATALOGING SOURCE
Transcribing agency 0
Modifying agency BD-DhUET
082 ## - DEWEY DECIMAL CLASSIFICATION NUMBER
Classification number 621.43
Item number OBE/1973
100 ## - MAIN ENTRY--PERSONAL NAME
Personal name Obert, Edward F.
245 ## - TITLE STATEMENT
Title Internal combustion engines and air pollution
Remainder of title based on internal combustion engines
250 ## - EDITION STATEMENT
Edition statement 3rd ed.
260 ## - PUBLICATION, DISTRIBUTION, ETC. (IMPRINT)
Place of publication, distribution, etc. New York
Name of publisher, distributor, etc. Intext Educational Publishers
Date of publication, distribution, etc. 1973
300 ## - PHYSICAL DESCRIPTION
Extent xiii, 740 p.
Other physical details ill.
650 #0 - SUBJECT ADDED ENTRY--TOPICAL TERM
Topical term or geographic name as entry element Internal combustion engines
942 ## - ADDED ENTRY ELEMENTS (KOHA)
Koha item type General Book
Holdings
Koha item type Damaged status Koha issues (times borrowed) Sublocation or collection (holding branch) Piece designation (barcode) Price effective from Koha date last borrowed Location (home branch) Koha normalized classification for sorting Date acquired Withdrawn status Koha full call number Koha date last seen Not for loan Copy number Lost status Shelving location Source of classification or shelving scheme
General Book 1Central Library, BUET421132014-11-162014-11-16Central Library, BUET621_000000000000000_43OBE19732014-11-16 621.43/OBE/19732015-10-12   Circulation section 
General Book 3Central Library, BUET421112015-04-132018-02-03Central Library, BUET621_430000000000000_OBE_19732015-04-13 621.43/OBE/19732018-02-17 2 Circulation section 
Reading Item  Central Library, BUET421052015-06-16 Central Library, BUET621_430000000000000_OBE_19732015-06-16 621.43/OBE/19732015-06-16 3 Reading section 
Reading Item  Central Library, BUET489592015-06-30 Central Library, BUET621_430000000000000_OBE_19732015-06-30 621.43/OBE/19732015-06-30 4 Reading section 
Reading Item  Central Library, BUET421082015-07-02 Central Library, BUET621_430000000000000_OBE_19732015-07-02 621.43/OBE/19732015-07-02 5 Reading section 
Reading Item  Central Library, BUET489392015-07-04 Central Library, BUET621_430000000000000_OBE_19732015-07-04 621.43/OBE/19732015-07-04 6 Reading section